Alternating current machines (Record no. 23298)

000 -LEADER
fixed length control field 00516nam a22001937a 4500
001 - CONTROL NUMBER
control field 23298
003 - CONTROL NUMBER IDENTIFIER
control field BD-DhUET
008 - FIXED-LENGTH DATA ELEMENTS--GENERAL INFORMATION
fixed length control field 150503b xxu||||| |||| 00| 0 eng d
040 ## - CATALOGING SOURCE
Original cataloging agency DLC
Transcribing agency DLC
Modifying agency BD-DhUET
082 ## - DEWEY DECIMAL CLASSIFICATION NUMBER
Classification number 623.133
Item number COT/1960
100 ## - MAIN ENTRY--PERSONAL NAME
Personal name Cotton, H.
245 ## - TITLE STATEMENT
Title Alternating current machines
250 ## - EDITION STATEMENT
Edition statement 2nd ed.
260 ## - PUBLICATION, DISTRIBUTION, ETC. (IMPRINT)
Place of publication, distribution, etc. London
Name of publisher, distributor, etc. Macmillan
Date of publication, distribution, etc. 1960
300 ## - PHYSICAL DESCRIPTION
Extent 328p.
Other physical details ill.
490 ## - SERIES STATEMENT
Series statement Cleaver-Hume electrical series, no. 4
650 #0 - SUBJECT ADDED ENTRY--TOPICAL TERM
Topical term or geographic name as entry element Alternating current : Electrical machinery
942 ## - ADDED ENTRY ELEMENTS (KOHA)
Koha item type General Book
Holdings
Koha full call number Copy number Shelving location Source of classification or shelving scheme Withdrawn status Sublocation or collection (holding branch) Not for loan Koha normalized classification for sorting Koha date last seen Damaged status Piece designation (barcode) Lost status Date acquired Koha item type Price effective from Location (home branch)
623.133/COT/19601Circulation section  Central Library, BUET 623_133000000000000_COT_19602015-05-03 22776 2015-05-03General Book2015-05-03Central Library, BUET
623.133/COT/19602Circulation section  Central Library, BUET 623_133000000000000_COT_19602015-05-03 22777 2015-05-03General Book2015-05-03Central Library, BUET
623.133/COT/19603Circulation section  Central Library, BUET 623_133000000000000_COT_19602015-05-03 22775 2015-05-03General Book2015-05-03Central Library, BUET
623.133/COT/19604Circulation section  Central Library, BUET 623_133000000000000_COT_19602015-05-03 22781 2015-05-03General Book2015-05-03Central Library, BUET
623.133/COT/19605Circulation section  Central Library, BUET 623_133000000000000_COT_19602015-05-03 22779 2015-05-03General Book2015-05-03Central Library, BUET
623.133/COT/19606Circulation section  Central Library, BUET 623_133000000000000_COT_19602015-05-03 22778 2015-05-03General Book2015-05-03Central Library, BUET
623.133/COT/19607Circulation section  Central Library, BUET 623_133000000000000_COT_19602015-05-03 22782 2015-05-03General Book2015-05-03Central Library, BUET
623.133/COT/19608Circulation section  Central Library, BUET 623_133000000000000_COT_19602015-05-03 22780 2015-05-03General Book2015-05-03Central Library, BUET
623.133/COT/19609Circulation section  Central Library, BUET 623_133000000000000_COT_19602015-05-03 22774 2015-05-03General Book2015-05-03Central Library, BUET
623.133/COT/196010Circulation section  Central Library, BUET 623_133000000000000_COT_19602015-05-03 22783 2015-05-03General Book2015-05-03Central Library, BUET